000 00372nam a2200157Ia 4500
100 _aPeale/Norman Vincent
942 _cBK
366 _f28
654 _apositive thinking
245 _aMiracle of positive thinking.Wake up! you are alive.
260 _bJaico Publishing House
_c2015
082 _bPEA
300 _a186
546 _aENGLISH
_cComputers
999 _c25332
_d25332